000 00578nam a2200181Ia 4500
005 20250326125711.0
008 250326s9999 xx 000 0 und d
037 _aTextbook
040 _aFMSL
_beng
_cFMSL
041 _aeng
_2eng
084 _aX;95851.44'N72t L2
_qFMSL
100 _aCommittee ON Unem,ployment
_9739505
245 0 _aReport of the working group on industries
_cCommittee ON Unem,ployment
260 _aNew Delhi
_bNew Delhi, Vigyan Bhavan Annexe
_c1972
300 _a82p
942 _cTB
_hX;95851.44'N72t L2
999 _c1279179
_d1279179